000 00435nam a2200181Ia 4500
001 19247
005 20260306171730.0
008 260306s9999||||xx |||||||||||||| ||und||
041 _aESP
082 _a658.812
_bH76
100 _aHorovitz, Jacques
_eAUT
245 0 _aLos secretos del servicio al cliente
260 _c2006
300 _axvi, 226 páginas :
_ccm.
650 _aGEN
654 _aCAN
942 _cLIB
_dJUS
_fJUS
_2ddc
_n
999 _c19247
_d19247